| 000 | 00841nam a2200277 a 4500 | ||
|---|---|---|---|
| 001 | 62635 | ||
| 003 | BD-RjUL | ||
| 005 | 20211209081115.0 | ||
| 008 | 170124s1987 enka 000 0 eng d | ||
| 020 | _a0416051421 pbk | ||
| 020 | _a0416051324 | ||
| 035 | _aBD-RjUL62761 | ||
| 040 |
_aBD-RjUL _beng _cBD-RjUL |
||
| 041 | _aeng | ||
| 082 |
_a821.7 _219 _bHAU 1987 |
||
| 100 | 1 |
_aHartman, Geoffrey H. _9186202 |
|
| 245 | 1 | 4 |
_aThe unremarkable Wordsworth / _cGeoffrey H. Hartman ; foreword by Donald G. Marshall |
| 260 |
_aLondon : _bMethuen, _c1987 |
||
| 300 |
_axxix, 247 p : _bill ; _c23 cm |
||
| 504 | _aIncludes index | ||
| 600 | 1 | 0 |
_aWordsworth, William, _d1770-1850 _xCriticism and interpretation. _9186203 |
| 830 | 0 |
_aUniversity paperbacks ; _v965 _9189460 |
|
| 942 |
_2ddc _cBK |
||
| 999 |
_c62635 _d62635 |
||